| 000 | 02251cam a22004934i 4500 | ||
|---|---|---|---|
| 003 | PE-LiUPU | ||
| 005 | 20250731173520.0 | ||
| 008 | 150616s1966 miu r 000 0 eng d | ||
| 035 | _a(Sirsi) a8258 | ||
| 040 |
_aPE-LiUPU _bspa _cPE-LiUPU _erda |
||
| 049 | _aPRUA | ||
| 050 |
_aBV741 _qK28 1978 |
||
| 082 | 0 | 4 |
_a236 _bK22 _221 |
| 100 | 1 |
_aKaplan, S.A., _eautor. |
|
| 245 | 1 | 0 | _aCan Persecution arise in America. |
| 264 | 1 |
_aWashington D.C. : _bReview and Herald Publishing Association, _c1966. |
|
| 300 |
_a128 páginas : _bilustraciones (fotos) ; _c20 cm. |
||
| 336 |
_atext _2rdacontent |
||
| 337 |
_aunmediated _2rdamedia |
||
| 338 |
_avolume _2rdacarrier |
||
| 505 | 0 | _aStop, look and listen! -- It Happened her -- Danger ahead: Religious Legislation! -- Prelude to persecution: Sunday blue laws -- Which day did god appoint as the sabbath? -- Is Satuday the true historic seventh day? -- Who changed the sabbath day? -- The blank-Day Calendar-Threat to etrnal jewish Verities -- Ecumenism-A coming dictatorship of the majorrity? -- The soon-comong contest -- Is a state church emerging in the U.S.A.? -- Will there be persecution in america? -- What you can do. | |
| 526 | _aSEG42 | ||
| 526 | _aSEG41 | ||
| 526 | _aSEG40 | ||
| 526 | _aSEG39 | ||
| 526 | _aP94 | ||
| 526 | _aP87 | ||
| 526 | _aP86 | ||
| 526 | _aP85 | ||
| 526 | _aP77 | ||
| 526 | _aP76 | ||
| 526 | _aP35 | ||
| 650 | 0 | 4 |
_aESCATOLOGIA. _95923 |
| 910 |
_ajck _bjvq _cjck |
||
| 942 |
_2ddc _cBOOK |
||
| 949 |
_a236 K22 _wDEWEY _c1 _i41530 _lCCODEBUL1 _mBUL _p40.00 _r0 _sY _tBOOK _u2015-04-23 _xBIBLIOTECA _zUNKNOWN _0COMPRA _o.STAFF. Colección Teología |
||
| 949 |
_aBV741 K28 _wLC _c1 _i18627-1002 _lCIW _mBUL _p00.00 _r1 _sY _tBOOK _u2016-08-18 _xWHITE _zUNKNOWN _0COMPRA _o.STAFF. Centro White |
||
| 994 |
_aC0 _bPEPRU |
||
| 596 | _a1 4 | ||
| 999 |
_a236 K22 _wDEWEY _c59590 _i41530 _f2021-11-11 _g5 _lCCODEBUL1 _mBUL _p40.00 _r0 _sY _tBOOK _u2015-4-23 _xTEOLOGIA _PP35 _0COMPRA _o.STAFF. Colección Teología _d59590 |
||
| 999 |
_a236 KI22 _wDEWEY _c1 _iCW18627 _f2021-12-22 _g2 _lCCODECWL1 _mBWL _p10.00 _r1 _sY _tBOOK _u2016-8-18 _xWHITE _zUNKNOWN _0COMPRA _o.STAFF. Centro White |
||
| 980 |
_81 _gALBERTO SANCHEZ Responsable de Automatización |
||